00668nam a22001697a 4500003000900000008004100009020001800050040007100068082001500139245005400154260003200208300006500240505014400305650001600449650001600465650001700481AR-CdUCM190415b ||||| |||| 00| 0 spa d a84-7069-050-7 aMUNICIPALIDAD PROVINCIAL DEL CUSCOcBIBLIOTECA MUNICIPAL DEL CUSCO a630 /bB46 aBibliotecas prácticas agrícolas y ganaderas / aBarcelona :bOceano,c1983. a4 tomos ;bFotografías, gráficos, ilustraciones,c26 cm. aContenido: t.1: Los fundamentos de la agricultura -- t.2: Practica de los cultivos -- t.3: Frutales y bosque -- t.4: Producción ganadera. aAgricultura aGanadería aDiccionarios